[Event "Nikaia op 31st"]
[Site "Nikaia"]
[Date "2024.09.06"]
[Round "6"]
[White "Vlastos, Alexandros"]
[Black "Agrapidis, Theodoros"]
[Result "1-0"]
[WhiteElo "1831"]
[BlackElo "1900"]
[PlyCount "81"]
[EventDate "2024.09.01"]
[EventType "swiss"]
[EventRounds "9"]
[EventCountry "GRE"]
[SourceTitle "EXT 2025"]
[Source "ChessBase"]
[SourceDate "2024.10.14"]
[SourceVersion "1"]
[SourceVersionDate "2024.10.14"]
[SourceQuality "1"]

1. e4 e5 2. f4 exf4 3. Bc4 Qh4+ 4. Kf1 d6 5. Nf3 Bg4 6. d4 g5 7. c3 Nd7 8. Qb3 Qh5 9. Nbd2 Nb6 10. Qb5+ c6 11. Qb3 Nf6 12. e5 d5 13. Bd3 Nfd7 14. Qc2 Bxf3 15. Nxf3 g4 16. Ng1 Bh6 17. Bxh7 f3 18. Qf5 Qxf5 19. Bxf5 Bxc1 20. Rxc1 Nc4 21. Bxd7+ Kxd7 22. gxf3 g3 23. h4 Rag8 24. Ke2 f6 25. b3 Na3 26. f4 fxe5 27. dxe5 Ke6 28. Kf3 c5 29. c4 dxc4 30. bxc4 Rd8 31. Ne2 g2 32. Kxg2 Kf5 33. h5 Rd2 34. Kf2 Nc2 35. Rcd1 Rhd8 36. Rxd2 Rxd2 37. Rh2 Ke4 38. Rh3 Nb4 39. Re3+ Kf5 40. e6 Nd3+ 41. Rxd3 1-0

[Event "Aegean op 30th"]
[Site "Aghios Kirykos"]
[Date "2007.07.11"]
[Round "5"]
[White "Georgiou, Kostantinos"]
[Black "Agrapidis, Theodoros"]
[Result "1-0"]
[WhiteElo "2212"]
[BlackElo "2072"]
[PlyCount "41"]
[EventDate "2007.07.07"]
[EventType "swiss"]
[EventRounds "9"]
[EventCountry "GRE"]
[SourceTitle "CBM 119 Extra"]
[Source "ChessBase"]
[SourceDate "2007.09.04"]
[SourceVersion "1"]
[SourceVersionDate "2007.09.04"]
[SourceQuality "1"]

1. e4 e5 2. Nf3 Qe7 3. Nc3 c6 4. d4 exd4 5. Qxd4 d6 6. Bg5 f6 7. Bf4 Nd7 8. Bc4 Ne5 9. Bb3 Bg4 10. Nd2 Qc7 11. f3 Bh5 12. 0-0-0 g5 13. Bg3 b6 14. h4 Bf7 15. Bxf7+ Nxf7 16. hxg5 fxg5 17. Nc4 0-0-0 18. e5 dxe5 19. Qg4+ Kb7 20. Rxd8 Nf6 21. Qe6 1-0

[Event "Panagiotis Apergis op"]
[Site "Ano Liosia"]
[Date "2007.05.11"]
[Round "6"]
[White "Kostopoulos, Evaggelos"]
[Black "Agrapidis, Theodoros"]
[Result "1-0"]
[WhiteElo "2120"]
[BlackElo "2011"]
[PlyCount "99"]
[EventDate "2007.04.24"]
[EventType "swiss"]
[EventRounds "7"]
[EventCountry "GRE"]
[SourceTitle "EXT 2008"]
[Source "ChessBase"]
[SourceDate "2007.11.25"]
[SourceVersion "1"]
[SourceVersionDate "2007.11.25"]
[SourceQuality "1"]

1. e4 c5 2. Nf3 d6 3. d4 Nf6 4. Nc3 cxd4 5. Nxd4 e5 6. Bb5+ Bd7 7. Nf5 Bxb5 8. Nxb5 Qa5+ 9. Nc3 Nxe4 10. 0-0 Nxc3 11. bxc3 Nc6 12. Rb1 0-0-0 13. Nxg7 Bxg7 14. Qg4+ f5 15. Qxg7 Qc7 16. Qh6 Rhg8 17. f4 e4 18. Qh5 Rdf8 19. Rb5 Qg7 20. Qh3 Qg4 21. Qxg4 Rxg4 22. Rd1 Rfg8 23. g3 h5 24. Rxf5 h4 25. Rg5 hxg3 26. h3 R4xg5 27. fxg5 Rf8 28. Rf1 Rxf1+ 29. Kxf1 Ne7 30. Kg2 Nf5 31. Bf4 Kd7 32. Bxg3 Ke7 33. h4 Kf7 34. h5 d5 35. Be5 Ne3+ 36. Kg3 a6 37. g6+ Ke6 38. Bf4 Nc4 39. Kg4 Kf6 40. Bg5+ Kg7 41. Kf5 Nd6+ 42. Ke6 Nb5 43. a4 Nc7+ 44. Kf5 Kg8 45. Bf4 Ne8 46. h6 e3 47. h7+ Kh8 48. Bxe3 Nd6+ 49. Ke6 Nc4 50. Bd4+ 1-0

[Event "GRE-ch U20"]
[Site "Chania"]
[Date "2003.04.20"]
[Round "2"]
[White "Agrapidis, Theodoros"]
[Black "Stergiopoulos, Georgios"]
[Result "1-0"]
[WhiteElo "1850"]
[BlackElo "1600"]
[PlyCount "57"]
[EventDate "2003.04.??"]
[EventType "swiss"]
[EventRounds "7"]
[EventCountry "GRE"]
[SourceTitle "EXT 2005"]
[Source "ChessBase"]
[SourceDate "2004.11.15"]
[SourceVersion "1"]
[SourceVersionDate "2004.11.15"]
[SourceQuality "1"]

1. e4 e5 2. d4 exd4 3. Qxd4 Nc6 4. Qe3 d6 5. Nc3 Nf6 6. Bd2 Be7 7. 0-0-0 0-0 8. h4 Be6 9. h5 h6 10. Qg3 Nh7 11. Bxh6 Bg5+ 12. Bxg5 Qxg5+ 13. Qxg5 Nxg5 14. f4 Bg4 15. Be2 Bxe2 16. Ngxe2 Ne6 17. g4 Rae8 18. h6 g6 19. f5 Ng5 20. Ng3 Ne5 21. Nd5 Nxg4 22. Rh4 gxf5 23. Nxf5 Rxe4 24. Rxg4 Rxg4 25. Nf6+ Kh8 26. Nxg4 Re8 27. Rg1 Nf3 28. Nf6 Nxg1 29. Nxe8 1-0